Statistics for Countries bordering each continent

Click here to take the quiz!

General Stats

  • This quiz has been taken 34 times
    (14 since last reset)
  • The average score is 82 of 111

Answer Stats

HintAnswer% Correct
South AmericaColombia
92%
AfricaEgypt
92%
EuropeItaly
92%
North AmericaPanama
92%
Asia | EuropeRussia
92%
AsiaTurkey
92%
AfricaAlgeria
83%
North AmericaBelize
83%
South AmericaBrazil
83%
North AmericaCanada
83%
AfricaEritrea
83%
EuropeFrance
83%
AsiaGeorgia
83%
EuropeGreece
83%
South AmericaGuyana
83%
AsiaIndonesia
83%
AsiaIsrael
83%
AfricaLibya
83%
North AmericaMexico
83%
AsiaNorth Korea
83%
AsiaSaudi Arabia
83%
EuropeSpain
83%
South AmericaSuriname
83%
North AmericaUnited States
83%
South AmericaVenezuela
83%
EuropeAlbania
75%
South AmericaArgentina
75%
AsiaArmenia
75%
AfricaBenin
75%
EuropeBulgaria
75%
South AmericaChile
75%
North AmericaCosta Rica
75%
AfricaCote d'Ivoire
75%
EuropeDenmark
75%
South AmericaEcuador
75%
North AmericaEl Salvador
75%
AfricaEquatorial Guinea
75%
EuropeEstonia
75%
EuropeFinland
75%
AfricaGabon
75%
AfricaGambia
75%
EuropeGermany
75%
AfricaGhana
75%
North AmericaGuatemala
75%
AsiaIndia
75%
AsiaIran
75%
AsiaIraq
75%
AfricaKenya
75%
AsiaLaos
75%
EuropeLatvia
75%
AfricaLiberia
75%
AfricaMorocco
75%
AfricaMozambique
75%
AsiaMyanmar
75%
EuropeNetherlands
75%
AfricaNigeria
75%
EuropeNorway
75%
AsiaOman
75%
AsiaPakistan
75%
South AmericaPeru
75%
AfricaSenegal
75%
AfricaSierra Leone
75%
AsiaSingapore
75%
AfricaSomalia
75%
AfricaSouth Africa
75%
AsiaSouth Korea
75%
AfricaSudan
75%
EuropeSweden
75%
AsiaSyria
75%
AsiaThailand
75%
AfricaTogo
75%
AfricaTunisia
75%
EuropeUkraine
75%
South AmericaUruguay
75%
AsiaVietnam
75%
AsiaYemen
75%
AfricaAngola
67%
AsiaBangladesh
67%
EuropeBelgium
67%
AsiaBrunei
67%
AsiaCambodia
67%
AfricaCameroon
67%
AsiaChina
67%
AfricaDemocratic Republic of the Congo
67%
AfricaDjibouti
67%
AfricaGuinea
67%
AfricaGuinea-Bissau
67%
North AmericaHonduras
67%
AsiaLebanon
67%
EuropeLithuania
67%
AsiaMalaysia
67%
AfricaNamibia
67%
North AmericaNicaragua
67%
EuropePortugal
67%
AfricaRepublic of the Congo
67%
EuropeRomania
67%
AfricaTanzania
67%
EuropeVatican City
67%
AsiaBahrain
58%
EuropeCroatia
58%
AsiaEast Timor
58%
AsiaKuwait
58%
AfricaMauritania
58%
EuropeMonaco
58%
EuropeMontenegro
58%
EuropePoland
58%
AsiaQatar
58%
EuropeSlovenia
58%
AsiaUnited Arab Emirates
58%
EuropeSan Marino
42%

Score Distribution

Percentile by Number Answered

Percent of People with Each Score

Your Score History

You have not taken this quiz since the last reset